Logique - Mort Subite #4 - Statistiques

Statistiques générales
  • Ce quiz a été pris 353 fois
  • Le résultat moyen est 3 sur 28
Answers on the Grid
Answers color-coded by a green-red scale on the quiz's grid according to % correct below.
Pain
Ostentatoire
A jeun
Lotissement
Privatisation
Manchot
Varicelle
Antilope
Ronaldo
Daube
Pixel
Douceur
Dromadaire
Équivalence
Gardien
Heureusement
Misère
Pyrex
Disneyland
Rode
Plante
Sa voix est belle
Assomme
Retard
Essaimage
Fabophile
Dameuse
Rejoindre
Comment
Héroïne
Gerçure
Creuser
Ypsiloniens
Arrachèrent
Quoi
Turquoise
Licorne
Adrien
Sur scène Marie, Tim
Advienne
Lionne
Pomme
Vendez
Palier
 
Statistiques - réponses
Réponse % Correct
Pain
31%
Lionne
19%
Sur scène Marie, Tim
17%
Disneyland
16%
Dromadaire
15%
Licorne
14%
Manchot
14%
Sa voix est belle
13%
Lotissement
11%
Misère
11%
Ronaldo
11%
Vendez
11%
Advienne
10%
Arrachèrent
10%
Daube
10%
Douceur
10%
Gardien
10%
Gerçure
10%
Palier
10%
Assomme
9%
Creuser
9%
Héroïne
9%
Rejoindre
9%
Dameuse
8%
Heureusement
8%
Turquoise
8%
Varicelle
6%
Rode
3%
Aucun quiz correspondant
Distribution des résultats
% des personnes avec chaque résultat
Percentile par nombre de réponses
Votre historique - résultats
Vous n’avez pas pris ce quiz